Brainrot - Statistics

Statistiche generali
  • Questo quiz è stato fatto 149 volte
  • Il punteggio medio è 8 su 91
Statistiche sulle risposte
con Immagini Risposta % Corretto
Ballerina Cappuccina
93%
Cappuccino Assassino
52%
Brr Brr Patapim
51%
Bombardiro Croccodilo
47%
Schimpanzini Bananini
45%
Trallallero Trallalà
45%
Tung Tung Tung Sahur
44%
Lirilì Larilà
43%
La Vacca Saturno Saturnita
38%
Boneca Ambalabu
37%
Bombombini Gusini
34%
Trippi Troppi Troppa Trippa
34%
Glorbo Fruttodrillo
33%
Frullì Frullà
27%
Ballerino Lololo
26%
Espressona Signora
24%
Giraffa Celeste
24%
Trulimero Trulicina
24%
Frigo Cammello Buffo Fardello
21%
Skibidi Toilet
20%
Ecco Cavallo Virtuoso
12%
Bri Bri Bicus Dicus
10%
Burbaloni Luliloli
9%
Bandito Bobritto
6%
Orangutini Ananasini
6%
Piccione Macchina
3%
Bearorito Applepitolirotito
2%
Begalino Kotobananino
2%
Bombardiere Lucertola
2%
Talpa Di Ferro
2%
Bicicletta Del Gatto Santo
1%
Brr brr Tarflem
1%
Chef Crabracadabra
1%
Crocodildo Penisini
1%
Crocodilo Potatino
1%
Gambero Spero
1%
Gattino Aeroplanino
1%
Graipussi Medussi
1%
L'Ombra Illuminata
1%
Los tralaleritos dicen tralala
1%
Mozarella di Bufala
1%
Pinguini Zucchini
1%
Tigrullini Watermelini
1%
Tric Trac baraboom
1%
Uccello Burger
1%
Bombardili Gorilili
0%
Bungoletti Spaghettini
0%
Camelrino Tazzino
0%
Capo Maccheroni
0%
Coccodrilli Faerini
0%
Coccodrillo Formagioso
0%
Coccodrillo Robloxino
0%
Cocosatic Bungus
0%
Drrr Traaa Toucanni Toucannus
0%
Emo Struzzo Paparazzi
0%
Farlynhos Cavalinhuz
0%
Fishinni pelmeninni
0%
Gatto Pizza Caffè
0%
Gorillardo Mazzuloni
0%
Homyakini Chupa Chupsini
0%
Horseziano Blendorzinni
0%
Il Ragioniere del Vuoto
0%
Ingonyama Enecactus
0%
Lightino akulino
0%
Linguicine Serpentine
0%
Meozad Bombardad
0%
Nuclearo Dinosauro
0%
Oca del Rover Lunare
0%
Pararell Bararell
0%
Puppini Appleini
0%
Purri Purrani Nyankani
0%
Quesadilla Crocodila
0%
Ranatone Margheritus
0%
Ravioli Chimpanzini
0%
Rugginato LupoGT
0%
Rupipipipipipi Streamimimimimimi
0%
Sahurpalma Naufragio
0%
Sbam Undici: Gelatòide Risorge
0%
Scoaittolo Crittolo
0%
Serpentini Toiletini
0%
Sig. Gelantulone il Managero
0%
Sombraruote frratatà
0%
Tarantula Hawk Due
0%
Tartaruga Turbinata Tortellini
0%
Tigerini Chickenini
0%
Tortitilli Mortiri
0%
Tracotocutulo
0%
Tralachicko Jockerito
0%
Weerachino Meksachawino
0%
Zhuzhuli Buffo
0%
Zzz zzz Patabuma
0%
Nessun quiz corrispondente trovato
Distribuzione punteggi
Percentuale di utenti per punteggio
Percentile per numero di risposta
I tuoi punteggi nel tempo
Non hai fatto questo quiz